Statistiques concernant Equipes ayant gagné la Coupe Gambardella (1954-2019)

Cliquez ici pour prendre le quiz!

Statistiques générales

  • Ce quiz a été pris 140 fois
  • Le résultat moyen est 19 sur 29

Statistiques - réponses

VictoiresDernière victoireEquipe% Correct
3 Victoires1997Olympique Lyonnais
99%
1 Victoire1979Olympique de Marseille
98%
1 Victoire1991Paris Saint Germain
98%
1 Victoire1960Lille OSC
95%
3 Victoires2008Stade Rennais FC
93%
4 Victoires2019AS Saint-Etienne
89%
3 Victoires2002FC Nantes
88%
1 Victoire2012OGC Nice
88%
1 Victoire2005Toulouse FC
88%
2 Victoires2013FC Girondins de Bordeaux
87%
4 Victoires2016AS Monaco
83%
3 Victoires2017Montpellier HSC
83%
3 Victoires1992RC Lens
83%
2 Victoires2006RC Strasbourg
83%
3 Victoires2010FC Metz
77%
1 Victoire1990Stade Brestois 29
68%
1 Victoire1964Stade de Reims
68%
3 Victoires2015FC Sochaux-Montbéliard
64%
1 Victoire1989Le Havre AC
64%
2 Victoires2018ES Troyes AC
59%
4 Victoires1977Nîmes Olympique
56%
7 Victoires2014AJ Auxerre
52%
2 Victoires1995AS Cannes
40%
1 Victoire2004Le Mans UC
33%
1 Victoire1984Stade Lavallois
19%
1 Victoire1967US Quevlily
6%
3 Victoires1988INF Vichy
4%
1 Victoire1968FC Martigues
3%
2 Victoires1987RC Colombes
0%

Distribution des résultats

Percentile par nombre de réponses

% des personnes avec chaque résultat

Votre développement - résultats

Vous n’avez pas pris ce quiz